000 00609cam a2200217 4500500
005 20260405002805.0
041 _afre
042 _adc
100 1 0 _aLacroix, Samuel
_eauthor
245 0 0 _aLa Religion des faibles
260 _c2018.
500 _a28
690 _aDjihadisme
690 _aGauche
690 _aIslam
690 _aJean Birnbaum
690 _aJoan Scott
690 _aLaïcité
786 0 _nPhilosophie magazine | 123 | 10 | 2018-10-01 | p. 50-50 | 1951-1787
856 4 1 _uhttps://shs.cairn.info/magazine-philosophie-magazine-2018-10-page-50?lang=fr&redirect-ssocas=7080
999 _c2061172
_d2061172